000 02094cam a2200361 4500
002 7873
008 040719n2004 000 0 eng u
020 _a1904388264
035 _a(Sirsi) u126830
041 _aeng
050 _a692.2
_c18
100 _aBadley, Neil
245 _aBuilding Regulations: A CPD study pack
260 _aReading
_bCollege of Estate Management
_c2004
300 _a52p.
_c30cm. + 1 audio CD
350 _a55
490 _aCollege of Estate Management CPD Study Pack
520 _aThis study pack provides an overview of the current and future changes to the Building Regulations. Section one looks at the 2004 amendments to Approved Document M "Access to and use of buildings". Section two examines how Approved Document L "Conservation of fuel and power" is likely to evolve up to 2010. Section three briefly considers other areas likely to change including Approved Documents A, C and P. Section four focuses on the Building Regulations in relation to historic buildings. Appendices include technical changes to Approved Document M and a Building Control Access Statement. Bibliography.
520 _aAccompanied by Owlion audio CD "Building regulations amendments (2002): parts H, J and L" (J115916) which is available to borrow seperately.
520 _aItem withdrawn by CEM, due to be reissued October 2005.
650 _aBUILDING REGULATIONS 2000 APPROVED DOCUMENT M (2004 EDITION)
650 _aBUILDING REGULATIONS 2000 APPROVED DOCUMENT L1 (2002 EDITION)
650 _aBUILDING REGULATIONS 2000 APPROVED DOCUMENT L2 (2002 EDITION)
650 _aBUILDING REGULATIONS 2000 APPROVED DOCUMENT C (2004 EDITION)
650 _aBUILDING REGULATIONS 2000 APPROVED DOCUMENT A (2004 EDITION)
650 _aBUILDING REGULATIONS 2000 APPROVED DOCUMENT P (2005 EDITION)
650 _aHISTORIC BUILDINGS
650 _aENERGY CONSERVATION
650 _aMANAGEMENT-BUSINESS MANAGEMENT-DISCRIMINATION-DISABILITY DISCRIMINATION-ACCESSIBILITY
650 _aACCESS TO BUILDINGS
690 _aBUILT ENVIRONMENT-BUILDING STANDARDS
942 _n0
999 _c103649
_d103649